Catalog

Record Details

Catalog Search



The mysteries of Harris Burdick  Cover Image Book Book

The mysteries of Harris Burdick / Chris Van Allsburg.

Summary:

Presents a series of loosely related drawings each accompanied by a title and a caption which the reader may use to make up his or her own story.

Record details

  • ISBN: 0395353939
  • Physical Description: [31] pages : illustrations ; 28 cm
  • Publisher: Boston : Houghton Mifflin, 1984.
Subject: Plot-your-own stories.
Children's stories, American.
Pictures books for children.
Detective and mystery stories.

LDR 01011cam a2200277 a 4500
001118488
003CONS
00520140703082244.0
008840911s1984 maua j c 000 1 eng
010 . ‡a 84009006 /AC/r84
020 . ‡a0395353939
035 . ‡a(CPomAG)LMN320950
0500 . ‡aPZ7.V266 ‡bMy 1984
0820 . ‡a[Fic] ‡219
1001 . ‡aVan Allsburg, Chris.
24514. ‡aThe mysteries of Harris Burdick / ‡cChris Van Allsburg.
260 . ‡aBoston : ‡bHoughton Mifflin, ‡c1984.
300 . ‡a[31] pages : ‡billustrations ; ‡c28 cm
520 . ‡aPresents a series of loosely related drawings each accompanied by a title and a caption which the reader may use to make up his or her own story.
650 0. ‡aPlot-your-own stories.
650 0. ‡aChildren's stories, American.
650 0. ‡aPictures books for children.
650 0. ‡aDetective and mystery stories.
914 . ‡dNAC_cp
959 . ‡i32269000368277 ‡lE Van ‡aJuvenile - Easy ‡tEasy ‡g15.45
852 . ‡p32269000368277 ‡jE Van ‡gJuvenile - Easy ‡cEasy ‡y15.45 ‡bSBPL
901 . ‡a118488 ‡bUnknown ‡c118488 ‡tbiblio

Additional Resources